Elements of bioinorganic chemistry / (Record no. 39505)
[ view plain ]
| 000 -LEADER | |
|---|---|
| fixed length control field | 00811nam a22002297a 4500 |
| 005 - DATE AND TIME OF LATEST TRANSACTION | |
| control field | 20100805150046.0 |
| 010 ## - LCCN (DPL NO) | |
| LC control number | ENG-98292 |
| 020 ## - INTERNATIONAL STANDARD BOOK NUMBER | |
| International Standard Book Number | 9788190595070 |
| Terms of availability | 200.00 |
| 035 ## - SYSTEM CONTROL NUMBER | |
| System control number | EN-81825 |
| 037 ## - SOURCE OF ACQUISITION | |
| Source of stock number/acquisition | DBAD/PUB |
| 082 ## - DEWEY DECIMAL CLASSIFICATION NUMBER | |
| Classification number | 572.51 |
| 100 ## - MAIN ENTRY--PERSONAL NAME | |
| Personal name | Mukherjee, G. N. |
| 245 ## - TITLE STATEMENT | |
| Title | Elements of bioinorganic chemistry / |
| Statement of responsibility, etc | by G. N. Mukherjee [and] Arabinda Das |
| 260 ## - PUBLICATION, DISTRIBUTION, ETC. (IMPRINT) | |
| Place of publication, distribution, etc | Kolkata |
| Name of publisher, distributor, etc | U. N. Dhur & Sons |
| Date of publication, distribution, etc | 2008 |
| 270 ## - ADDRESS | |
| Address | 2A, Bhawani Dutta Lane |
| City | Kolkata |
| Postal code | 700073 |
| 300 ## - PHYSICAL DESCRIPTION | |
| Extent | viii,290p. |
| Dimensions | 22cm (pbk) |
| 500 ## - GENERAL NOTE | |
| General note | Includes index |
| 650 ## - SUBJECT ADDED ENTRY--TOPICAL TERM | |
| Topical term or geographic name as entry element | Bioinorganic Chemistry |
| 700 ## - ADDED ENTRY--PERSONAL NAME | |
| Personal name | Das, Arabinda |
| 9 (RLIN) | 7023 |
| 942 ## - ADDED ENTRY ELEMENTS (KOHA) | |
| Source of classification or shelving scheme | Dewey Decimal Classification |
| Item type | English Books |
| Classification part | 572.51 |
| Call number suffix | MUK |
| Withdrawn status | Lost status | Not for loan | Collection code | Home library | Current library | Date acquired | Source of acquisition | Cost, normal purchase price | Full call number | Barcode | Copy number | Cost, replacement price | Koha item type |
|---|---|---|---|---|---|---|---|---|---|---|---|---|---|
| Not For Loan | Non-fiction | D.B.Act.Division | D.B.Act.Division | 05/08/2010 | DBAD/PUB | 200.00 | 572.51 MUK | EN-81825 | 1 | 200.00 | English Books |
